00723 a2200193 4500010001400000020001100014035001300025037001800038082001200056090001500068100002800083245008000111260004400191270009200235300002500327942002600352999001500378952013600393 aENG-85498 c255.00 aEN-69031 bD.B.Act / Pub14a346.077 c2819d28191 aKabra, Mahesh Shriniwas1 aDebts recovery tribunal guide to bank & borrowercby Mahesh Shriniwas Kabra aAhmed NagarbMaheshwari Prakashanc2006 a3458, Khist Galli, NR. KaranjabAhmednagare414 001k9371505083mmskabra@reddifmail.com a305 p.c23 cm (Pbk.) adpcENk346.077 / KAB c2765d2765 00102ddc40718NFICaDBADbDBADeDBAD/PUBg255.00l0o346.077 KABpEN-69031r2008-09-15 00:00:00t1u2955v255.00w2008-09-15yEN